| 000 | 01689nam a22003974a 4500 | ||
|---|---|---|---|
| 001 | ebr10182474 | ||
| 003 | CaPaEBR | ||
| 006 | m u | ||
| 007 | cr cn||||||||| | ||
| 008 | 060413s2006 enk sb 001 0 eng | ||
| 010 | _z 2006012372 | ||
| 015 |
_aGBA625735 _2bnb |
||
| 016 | 7 |
_z013409365 _2Uk |
|
| 016 | 7 |
_z101288363 _2DNLM |
|
| 020 | _z1843103788 (pbk.) | ||
| 020 | _z9781843103783 (pbk.) | ||
| 040 |
_aCaPaEBR _cCaPaEBR |
||
| 035 | _a(OCoLC)122566419 | ||
| 050 | 1 | 4 |
_aRJ496.A5 _bC473 2006eb |
| 082 | 0 | 4 |
_a616.85/5306 _222 |
| 100 | 1 | _aChivers, Maria. | |
| 245 | 1 | 0 |
_aDyslexia and alternative therapies _h[electronic resource] / _cMaria Chivers. |
| 260 |
_aLondon ; _aPhiladelphia : _bJessica Kingsley Pub., _c2006. |
||
| 300 | _a144 p. | ||
| 490 | 1 | _aJKP essentials | |
| 504 | _aIncludes bibliographical references (p. 118-121) and indexes. | ||
| 505 | 0 | _aAlternative therapies -- Identifying learning difficulties -- Hearing -- Bodyworks -- Developmental delay -- Vision -- Nutrition and health -- The power of touch -- Holistic healing -- Therapies of the future -- Bioenergy therapies -- Stress management. | |
| 533 |
_aElectronic reproduction. _bPalo Alto, Calif. : _cebrary, _d2013. _nAvailable via World Wide Web. _nAccess may be limited to ebrary affiliated libraries. |
||
| 650 | 0 |
_aDyslexia _xAlternative treatment. |
|
| 650 | 0 |
_aLearning disabilities _xAlternative treatment. |
|
| 650 | 0 | _aDyslexic children. | |
| 655 | 7 |
_aElectronic books. _2local |
|
| 710 | 2 | _aebrary, Inc. | |
| 830 | 0 | _aJKP essentials. | |
| 856 | 4 | 0 |
_uhttp://site.ebrary.com/lib/rucke/Doc?id=10182474 _zAn electronic book accessible through the World Wide Web; click to view |
| 999 |
_c143032 _d143032 |
||